000 00546nam a2200193 i 4500
001 42307
003 ES-MaACL
005 20230906160603.0
007 t|
008 030313s1968 sp ||||1| spa d
100 1 _aCastillo Castillo, José.
_936731
245 1 0 _aIntroducción a la sociología /
_cJosé Castillo Castillo.
260 _aMadrid :
_bGuadarrama,
_c[1968]
300 _a291 p. ;
_c18 cm.
490 1 _aPunto Omega ;
_v56
830 0 _aPunto Omega ;
_v56
_9180707
852 _aES-MaACL
_jC-35860
_bR.68759
999 _c42307
_d42307